000 00210 a2200109 4500
020 _a9781558853430
041 _aspa
100 _aMora, Pat
245 _aLa senora de la panaderia
942 _cBK
952 _74
999 _c20651
_d20651